000 00752cab a2200241 4500
001 WB3425-66
008 090401t1998 xxu||||| |||| 00| 0 eng d
035 _a(Sirsi) u87187
041 _aeng
245 _aCharges for city motorists
260 _c1998
350 _a0
490 _aFinancial Times
_v1 July 1998, 24(1)
520 _aJohn Prescott is to go ahead with plans to charge motorists for driving in the cities. Legislation giving local authorities this power are expected in the autumn of 1999.
650 _aCHARGES
650 _aGOVERNMENT POLICY
650 _aLOCAL AUTHORITIES
650 _aPUBLIC TRANSPORT
650 _aTRAFFIC CONGESTION
690 _aTRANSPORT AND COMMUNICATIONS
942 _n0
948 _c02/07/1998
999 _c54970
_d54970